000 01544cam a22004214i 4500
003 PE-LiUPU
005 20250731173204.0
008 150625s r 000 0 d
035 _a(Sirsi) a30671
040 _aPE-LiUPU
_bspa
_cPE-LiUPU
_erda
100 1 _aFernandez, G.J.,
_eautor.
245 1 0 _aOrigenes de Nuevo Testamento /
_cJ.G. Fernández.
264 1 _aMéxico :
_b Casa unida de publicaciones,
_c1952
300 _a263 páginas
336 _atext
_2rdacontent
337 _aunmediated
_2rdamedia
338 _avolume
_2rdacarrier
505 0 _a
526 _aSEG42
526 _aSEG41
526 _aSEG40
526 _aSEG39
526 _aP94
526 _aP87
526 _aP86
526 _aP85
526 _aP77
526 _aP76
526 _aP35
942 _2ddc
_cBOOK
949 _a225.12 F38
_wDEWEY
_c1
_i37686
_lCCODEBUL1
_mBUL
_p00.00
_r0
_sY
_tBOOK
_u2015-06-25
_xBIBLIOTECA
_zUNKNOWN
_0COMPRA
_o.STAFF. Colección General
949 _a225.12 F38
_wDEWEY
_c2
_i07299
_lCCODEBUL1
_mBUL
_p00.00
_r0
_sY
_tBOOK
_u2015-06-25
_xBIBLIOTECA
_zUNKNOWN
_0COMPRA
_o.STAFF. Colección General
596 _a1
999 _a225.12 F38
_wDEWEY
_c38141
_i37686
_d38141
_e2016-10-5
_f2019-12-10
_g4
_lDISCARD
_mBUL
_n1
_r0
_sY
_tBOOK
_u2015-6-25
_xTEOLOGIA
_PP35
_0COMPRA
_o.STAFF. Colección Teología
999 _a225.12 F38
_wDEWEY
_c2
_i07299
_d2018-4-29
_f2019-12-10
_g4
_lREPAIR
_mBUL
_q1
_r0
_sY
_tBOOK
_u2015-6-25
_xTEOLOGIA
_zUNKNOWN
_0COMPRA
_o.STAFF. Colección General
980 _81
_gALBERTO SANCHEZ Responsable de Automatización